Ghosthunters and the incredibly revolting ghost / (Record no. 1784)
[ view plain ]
| 000 -LEADER | |
|---|---|
| fixed length control field | 01347cam a2200301 a 4500 |
| 005 - DATE AND TIME OF LATEST TRANSACTION | |
| control field | 20250710113336.0 |
| 020 ## - INTERNATIONAL STANDARD BOOK NUMBER | |
| International Standard Book Number | 9780439849586 |
| 020 ## - INTERNATIONAL STANDARD BOOK NUMBER | |
| International Standard Book Number | 9780545010337 |
| 040 ## - CATALOGING SOURCE | |
| Original cataloging agency | DLC |
| Transcribing agency | DLC |
| Modifying agency | DLC |
| -- | FISKH |
| Language of cataloging | eng |
| 050 00 - LIBRARY OF CONGRESS CALL NUMBER | |
| Classification number | PZ7.F96624 |
| Item number | Gh 2006 |
| 082 00 - DEWEY DECIMAL CLASSIFICATION NUMBER | |
| Classification number | [Fic] |
| Edition number | 22 |
| 100 1# - MAIN ENTRY--PERSONAL NAME | |
| Personal name | Funke, Cornelia |
| Dates associated with a name | 1958- |
| 245 10 - TITLE STATEMENT | |
| Title | Ghosthunters and the incredibly revolting ghost / |
| Statement of responsibility, etc. | by Cornelia Funke ; [translated by Helena Ragg-Kirkby]. |
| 250 ## - EDITION STATEMENT | |
| Edition statement | 1st American ed. |
| 260 ## - PUBLICATION, DISTRIBUTION, ETC. | |
| Place of publication, distribution, etc. | New York : |
| Name of publisher, distributor, etc. | Scholastic, |
| Date of publication, distribution, etc. | 2006. |
| 300 ## - PHYSICAL DESCRIPTION | |
| Extent | 135 pages : |
| Other physical details | illustrations ; |
| Dimensions | 20 cm. |
| 505 0# - FORMATTED CONTENTS NOTE | |
| Formatted contents note | K |
| 505 0# - FORMATTED CONTENTS NOTE | |
| Formatted contents note | A horrible day -- Teased and scorned! -- Hetty Hyssop -- Slimy trails in the dark -- A terrible story -- A serious problem -- The book of ghosts -- A wailing and gnashing of teeth -- A bucketful of graveyard dirt -- Nothing but trouble -- The haunted villa -- Chattering teeth and knocking knees -- The plan -- The ghost hunt -- Revenge. |
| 520 ## - SUMMARY, ETC. | |
| Summary, etc. | A timid boy named Tom reluctantly agrees to help professional ghostbuster Hetty Hyssop dispel an IRG (Incredibly Revolting Ghost) from an old house. |
| 521 ## - TARGET AUDIENCE NOTE | |
| Target audience note | 620 <br/> |
| Source | Lexile |
| 521 ## - TARGET AUDIENCE NOTE | |
| Target audience note | K <br/> |
| Source | Raz-Plus |
| 650 #0 - SUBJECT ADDED ENTRY--TOPICAL TERM | |
| Topical term or geographic name entry element | Ghost stories. |
| 650 #1 - SUBJECT ADDED ENTRY--TOPICAL TERM | |
| Topical term or geographic name entry element | Ghosts |
| Form subdivision | Fiction. |
| 700 1# - ADDED ENTRY--PERSONAL NAME | |
| Personal name | Ragg-Kirkby, Helena, |
| Relator term | tr. |
| 906 ## - LOCAL DATA ELEMENT F, LDF (RLIN) | |
| a | 7 |
| b | cbc |
| c | orignew |
| d | 1 |
| e | ecip |
| f | 20 |
| g | y-gencatlg |
| 942 ## - ADDED ENTRY ELEMENTS (KOHA) | |
| Source of classification or shelving scheme | Dewey Decimal Classification |
| Koha item type | Books |
| Suppress in OPAC | No |
| 999 ## - | |
| -- | 1784 |
| -- | 1784 |
| Withdrawn status | Lost status | Source of classification or shelving scheme | Damaged status | Not for loan | Collection | Home library | Current library | Shelving location | Date acquired | Total Checkouts | Full call number | Barcode | Date last seen | Price effective from | Koha item type | Date due | Date last checked out | Copy number |
|---|---|---|---|---|---|---|---|---|---|---|---|---|---|---|---|---|---|---|
| Dewey Decimal Classification | Juvenile Fiction | Footprints International School Library Network Toul Kork Campus | Footprints International School Library Network Toul Kork Campus | TK Primary Library Room(4th Floor), Bookcase 3&4, Shelves 17-32, Yellow Books | 09/29/2023 | FUN Fic PZ7.F96624 | FISTK00347 | 09/29/2023 | 09/29/2023 | Books | ||||||||
| Dewey Decimal Classification | Juvenile Fiction | Footprints International School Library Network Toul Tom Poung Campus | Footprints International School Library Network Toul Kork Campus | TTP Primary Yellow Bookshelves | 07/10/2025 | 1 | FUN Fic PZ7.F96624 | FIS03421 | 12/18/2025 | 07/10/2025 | Books | 01/01/2026 | 12/18/2025 | 2 |
